000 00634nam a2200217Ia 4500
003 OSt
005 20230427111442.0
008 210423s2008 xx 000 0 und d
020 _a9787831604
040 _cAL
041 _aeng
082 _a658.1511
_223
_bHILR
100 _aHILTON (Ronald W);others.
_981041
245 _aManagerial accounting: creating value in a dynamic business environment.
250 _a7
260 _aNew Delhi
_bTata McGraw-hill
_c2008
300 _axxviii,844
_bPB
365 _cINR
906 _aaccounting: ; business ; creating ; dynamic ; environment. ; Managerial ; value
942 _2ddc
_cBK
999 _c156698
_d156698